Normal view
MARC view
- القرشي، أبي بكر عبد الله بن محمد بن عبيد ابن أبي الدنيا ، تحقيق: المعتصم بالله هريرة، مصطفى بن علي بن عوض
Entry Personal Name
001 - CONTROL NUMBER
- control field: 7914
003 - CONTROL NUMBER IDENTIFIER
- control field: JO-AjAnu
005 - DATE AND TIME OF LATEST TRANSACTION
- control field: 20230606071558.0
008 - FIXED-LENGTH DATA ELEMENTS
- fixed length control field: 230606|| aca||aabn | a|a d
040 ## - CATALOGING SOURCE
- Original cataloging agency: JO-AjAnu
- Transcribing agency: JO-AjAnu
100 ## - HEADING--PERSONAL NAME
- Personal name: القرشي، أبي بكر عبد الله بن محمد بن عبيد ابن أبي الدنيا ، تحقيق: المعتصم بالله هريرة، مصطفى بن علي بن عوض
670 ## - SOURCE DATA FOUND
- Source citation: Work cat.: (JO-AjAnu)4088: القرشي، أبي بكر عبد الله بن محمد بن عبيد ابن أبي الدنيا ، تحقيق: المعتصم بالله هريرة، مصطفى بن علي بن عوض, author, محاسبة النفس والإزراء عليها